[Event "Vilnius School Rating"]
[Site "Vilnius"]
[Date "2017.06.03"]
[Round "2.6"]
[White "Maziukas, Kasparas"]
[Black "Pocius, Ricardas Povilas"]
[Result "1-0"]
[WhiteElo "1723"]
[BlackElo "1449"]
[PlyCount "81"]
[EventDate "2017.06.02"]
[EventType "swiss"]
[EventRounds "5"]
[EventCountry "LTU"]
[SourceTitle "EXT 2024"]
[Source "ChessBase"]
[SourceDate "2023.10.10"]
[SourceVersion "1"]
[SourceVersionDate "2023.10.10"]
[SourceQuality "1"]

1. d4 b6 2. e4 e6 3. c4 Bb7 4. Nc3 d6 5. Bd3 Nd7 6. Nf3 Be7 7. Be3 Bf6 8. Qd2 Ne7 9. 0-0-0 a6 10. g4 h6 11. h4 c5 12. g5 cxd4 13. Nxd4 Bxd4 14. Bxd4 e5 15. Be3 f5 16. f4 Qc7 17. Rhe1 fxe4 18. Nxe4 Bxe4 19. Bxe4 Qxc4+ 20. Bc2 Qxa2 21. Qxd6 Qa1+ 22. Kd2 Qa5+ 23. Ke2 Qb5+ 24. Bd3 Qc6 25. Bg6+ Kd8 26. Qxc6 Nxc6 27. Bf5 Nd4+ 28. Bxd4 exd4 29. Rxd4 Re8+ 30. Kd2 Ra7 31. gxh6 gxh6 32. Rg1 Rf8 33. Bh3 Rf7 34. Rg6 Ke7 35. Rxd7+ Rxd7+ 36. Bxd7 Kxd7 37. Ke3 Re7+ 38. Kd4 Re6 39. f5 Rxg6 40. fxg6 Ke7 41. h5 1-0

[Event "LTU-ch"]
[Site "Vilnius"]
[Date "2017.03.01"]
[Round "6"]
[White "Kadonas, Kestutis"]
[Black "Pocius, Ricardas Povilas"]
[Result "1-0"]
[WhiteElo "1843"]
[BlackElo "1484"]
[PlyCount "41"]
[EventDate "2017.02.25"]
[EventType "swiss"]
[EventRounds "9"]
[EventCountry "LTU"]
[SourceTitle "CBM 177 Extra"]
[Source "ChessBase"]
[SourceDate "2017.04.27"]
[SourceVersion "1"]
[SourceVersionDate "2017.04.27"]
[SourceQuality "1"]

1. e4 b6 2. f4 e6 3. Nf3 Be7 4. Nc3 Bb7 5. e5 a6 6. d4 c5 7. d5 exd5 8. Nxd5 Bxd5 9. Qxd5 Nc6 10. Bc4 Nh6 11. f5 Nb4 12. Qe4 Ng8 13. c3 Nc6 14. 0-0 Rc8 15. Be3 Qc7 16. Rad1 h5 17. e6 dxe6 18. fxe6 Nd8 19. Ng5 Nf6 20. exf7+ Nxf7 21. Qg6 1-0

[Event "LTU-ch"]
[Site "Vilnius"]
[Date "2017.02.27"]
[Round "4"]
[White "Povilaitis, Tomas"]
[Black "Pocius, Ricardas Povilas"]
[Result "0-1"]
[WhiteElo "1607"]
[BlackElo "1484"]
[PlyCount "102"]
[EventDate "2017.02.25"]
[EventType "swiss"]
[EventRounds "9"]
[EventCountry "LTU"]
[SourceTitle "CBM 177 Extra"]
[Source "ChessBase"]
[SourceDate "2017.04.27"]
[SourceVersion "1"]
[SourceVersionDate "2017.04.27"]
[SourceQuality "1"]

1. e4 c5 2. Nc3 e6 3. f4 a6 4. Nf3 b6 5. a4 Bb7 6. Be2 Be7 7. 0-0 Nc6 8. d3 h5 9. f5 Bf6 10. fxe6 dxe6 11. Qe1 Qc7 12. Ng5 Bd4+ 13. Kh1 Nf6 14. Bf4 Be5 15. Bxe5 Qxe5 16. Nf3 Qc7 17. Qg3 Qxg3 18. hxg3 Nd4 19. Rac1 Ng4 20. Nxd4 cxd4 21. Nd1 Ne5 22. Nf2 Bc6 23. Ra1 b5 24. axb5 Bxb5 25. c3 Ng4 26. Bxg4 hxg4+ 27. Kg1 Ke7 28. c4 Bd7 29. Nxg4 f6 30. Rfc1 e5 31. Nf2 Rhb8 32. Ra2 Rb3 33. c5 Bb5 34. Rc2 Rxd3 35. Nxd3 Bxd3 36. Rc1 Bxe4 37. c6 Bd3 38. b4 Kd6 39. g4 Rc8 40. Rd2 Bb5 41. g5 f5 42. Rf2 g6 43. g4 f4 44. Rh2 Rxc6 45. Rd1 d3 46. Rh8 Kd5 47. Rd8+ Rd6 48. Rxd6+ Kxd6 49. Kf2 Kd5 50. Kf3 Kd4 51. Rh1 Bc6+ 0-1

[Event "LTU-ch"]
[Site "Vilnius"]
[Date "2017.02.25"]
[Round "1"]
[White "Pocius, Ricardas Povilas"]
[Black "Grybas, Gintaras"]
[Result "0-1"]
[WhiteElo "1484"]
[BlackElo "2028"]
[PlyCount "68"]
[EventDate "2017.02.25"]
[EventType "swiss"]
[EventRounds "9"]
[EventCountry "LTU"]
[SourceTitle "CBM 177 Extra"]
[Source "ChessBase"]
[SourceDate "2017.04.27"]
[SourceVersion "1"]
[SourceVersionDate "2017.04.27"]
[SourceQuality "1"]

1. f4 Nf6 2. Nf3 d5 3. e3 c6 4. Be2 h6 5. b3 Bf5 6. Bb2 e6 7. 0-0 Be7 8. c4 0-0 9. Ne5 Nbd7 10. Bf3 Ne4 11. Bxe4 Bxe4 12. d3 Bh7 13. Nxd7 Qxd7 14. Qg4 f6 15. d4 Bd3 16. Rc1 f5 17. Qd1 Be4 18. Nc3 g5 19. Nxe4 fxe4 20. Qg4 Kh7 21. g3 Rf5 22. Rf1 Raf8 23. Rae1 Qc7 24. Qe2 gxf4 25. exf4 Rg8 26. Kh1 Bb4 27. Rc1 Qg7 28. a3 Be7 29. b4 a6 30. Bc3 Bf6 31. Rcd1 h5 32. Be1 Bxd4 33. a4 Bb6 34. b5 axb5 0-1

[Event "LTU-ch sf"]
[Site "Vilnius"]
[Date "2016.03.08"]
[Round "4"]
[White "Misiuk, Ernest"]
[Black "Pocius, Ricardas Povilas"]
[Result "1-0"]
[WhiteElo "1873"]
[BlackElo "1472"]
[PlyCount "99"]
[EventDate "2016.03.06"]
[EventType "swiss"]
[EventRounds "8"]
[EventCountry "LTU"]
[SourceTitle "CBM 171 Extra"]
[Source "ChessBase"]
[SourceDate "2016.04.26"]
[SourceVersion "1"]
[SourceVersionDate "2016.04.26"]
[SourceQuality "1"]

1. d4 b6 2. e4 e6 3. Nf3 Bb7 4. Bd3 a6 5. 0-0 Be7 6. c4 d6 7. Nc3 Nd7 8. d5 e5 9. Be3 h6 10. h3 Ngf6 11. Nh2 Nc5 12. b4 Nxd3 13. Qxd3 Bc8 14. f4 exf4 15. Bxf4 Nh5 16. Bd2 Bg5 17. Qf3 Nf6 18. Bxg5 hxg5 19. Ng4 Bxg4 20. hxg4 Rh4 21. Rae1 Kf8 22. e5 dxe5 23. Rxe5 Qd6 24. Rxg5 Re8 25. g3 Rh8 26. Rf5 Re5 27. Rxe5 Qxe5 28. Rf2 Qe1+ 29. Rf1 Qe5 30. Kg2 Qg5 31. Qf4 Qxg4 32. Qxg4 Nxg4 33. Rf4 Ne5 34. Re4 f6 35. Ne2 g5 36. Nd4 Ke7 37. c5 Kd7 38. Nf5 bxc5 39. bxc5 Rb8 40. c6+ Kd8 41. Ra4 Rb2+ 42. Kf1 Nd3 43. Nd4 Rb4 44. Ne6+ Ke7 45. Rxb4 Nxb4 46. Nxc7 a5 47. a3 Nc2 48. Ke2 Nxa3 49. Kd3 Kd6 50. Ne8+ 1-0

[Event "LTU-ch sf"]
[Site "Vilnius"]
[Date "2016.03.07"]
[Round "2"]
[White "Voronov, Vadim"]
[Black "Pocius, Ricardas Povilas"]
[Result "0-1"]
[WhiteElo "1830"]
[BlackElo "1472"]
[PlyCount "150"]
[EventDate "2016.03.06"]
[EventType "swiss"]
[EventRounds "8"]
[EventCountry "LTU"]
[SourceTitle "CBM 171 Extra"]
[Source "ChessBase"]
[SourceDate "2016.04.26"]
[SourceVersion "1"]
[SourceVersionDate "2016.04.26"]
[SourceQuality "1"]

1. e4 b6 2. d4 Bb7 3. Bd3 e6 4. Nf3 a6 5. 0-0 Be7 6. Nc3 d6 7. Qe2 Nd7 8. Be3 b5 9. d5 e5 10. a3 Ngf6 11. h3 0-0 12. Nh2 c5 13. dxc6 Bxc6 14. Rad1 Qc7 15. f3 Nh5 16. Qd2 Ng3 17. Rfe1 Nf6 18. Nf1 Nxf1 19. Rxf1 Qb7 20. Be2 a5 21. Bg5 b4 22. axb4 axb4 23. Nd5 Nxd5 24. exd5 Bxg5 25. Qxg5 Bb5 26. Rfe1 Bxe2 27. Rxe2 f5 28. Qd2 Rfc8 29. Re3 Qa7 30. Kh2 Qa5 31. Rb3 Rab8 32. Qd3 g6 33. g4 f4 34. Qd2 Kg7 35. h4 Rc4 36. Qe2 Rbc8 37. Rd2 Qc7 38. Kg1 Qc5+ 39. Kf1 Ra8 40. Qf2 Rc8 41. Qe2 Rd4 42. Rbd3 Rxd3 43. Qxd3 Qc4 44. Ke2 Kf6 45. g5+ Kf7 46. Kd1 Rc5 47. Qxc4 Rxc4 48. Ke2 Kg7 49. Kd1 h5 50. Kc1 Kf7 51. Kb1 Ke7 52. Ka2 e4 53. Kb3 e3 54. Rd1 Rc5 55. c4 bxc3 56. bxc3 Rxd5 57. Ra1 Rd2 58. Ra7+ Ke6 59. c4 Rf2 60. Kc3 Rxf3 61. Kd3 Rh3 62. Rg7 Kf5 63. Rf7+ Kg4 64. Rf6 Kf3 65. Rxd6 Kf2 66. Re6 e2+ 67. Kd2 f3 68. c5 Rh1 69. c6 Rd1+ 70. Kc3 Rc1+ 71. Kd4 Rxc6 72. Rxc6 e1Q 73. Rxg6 Qe3+ 74. Kc4 Kg2 75. Rf6 f2 0-1